000 00671nam a2200229Ia 4500
005 20241129120113.0
008 241129s9999||||xx |||||||||||||| ||und||
020 _a9783031299728
037 _aTB
040 _aSDCL
_beng
_cSDCL
041 _aeng
_2eng
084 _aB78:2, R3
_qSDCL
100 _aAuscher Pascal; Egert Moritz
_9729144
245 0 _aBoundary value problems and Hardy Spaces for elliptic systems with block structure
260 _aCham
_bBirkhauser
_c2023
300 _axiii,310p.
365 _aEUR
_b129.99
490 _aProgress in mathematics 346
650 _aMathematics
942 _cTB
_hB78:2, R3
999 _c1233356
_d1233356